Normal view
MARC view
- شخصية-علم نفس
Entry Topical Term
001 - CONTROL NUMBER
- control field: 10003
003 - CONTROL NUMBER IDENTIFIER
- control field: JO-AjAnu
005 - DATE AND TIME OF LATEST TRANSACTION
- control field: 20230606071916.0
008 - FIXED-LENGTH DATA ELEMENTS
- fixed length control field: 230606|| aca||aabn | a|a d
040 ## - CATALOGING SOURCE
- Original cataloging agency: JO-AjAnu
- Transcribing agency: JO-AjAnu
150 ## - HEADING--TOPICAL TERM
- Topical term or geographic name entry element: شخصية-علم نفس
670 ## - SOURCE DATA FOUND
- Source citation: Work cat.: (JO-AjAnu)5155: ابو عبيه،محمد حسن, author 10002, الشخصية بين النظرية والتطبيق التربوي